LEADER 01095nam a2200253 i 4500 001 000000177369 003 CaOOAMICUS 005 20090203000000.0 008 090203s1998 it u000 u ita u 013 $a154885 040 $aSeMil$bita 100 1 $aCanaletto <1697-1768>.$0(OLS)http://semarc/name/51446 245 10$aCanaletto :$bRitorno del Bucintoro al molo. 260 $aMilano :$bRCS Rizzoli Libri,$ccopyr. 1998. 300 $a48 p. :$briccamente ill. ;$c31 cm. 490 0 $aCento dipinti 500 $aDono di don Romano Martinelli. 650 4$aCanaletto . Il ritorno del Bucintoro al molo nel giorno dell'Ascensione.$0(OLS)http://semarc/subject/33829 830 0$aCento dipinti.$0(OLS)http://semarc/title/27224 850 $aSeMil 852 $aSeMil$W1$xVenegono$y1$m5T VII 12$j128180$B128180$CSeMilBibl$Z2$F139022 $81 961 $aOmaggio: Martinelli don Romano 996 $6245$aCanaletto :$bRitorno del Bucintoro al molo$9(OLS)http://semarc/title/254720 996 $6260$aMilano :$bRCS Rizzoli Libri$9(OLS)http://semarc/publisher/30293 LEADER 00842nam a2200205 i 4500 001 000000195413 003 CaOOAMICUS 005 20161129000000.0 008 161129s1836 it u000 u mul u 013 $a174086 040 $aSeMil$bita 245 10$aVolume 1. [Parte 1]. 300 $a3334 col. 500 $aLegato in due tomi. - Contiene : La storia cronologica del diritto civile romano, Istituzioni : libri 1-4, Prefazioni dei Digesti, Digesto libri 1-25. 773 0 $tCorpo del diritto civile.$bNuova edizione eseguita su quella di Parigi del 1830.$dVenezia : Giuseppe Antonelli, 1836-1844.$g1$w()33473 850 $aSeMil 852 $aSeMil$W1$xVenegono$y1$m3L V 6 FA$j145982$B145982$CSeMilBibl$Z2$F214483 $8I 941 1 $a10 961 $aRecupero: Mantegazza 996 $6245$aVolume 1. [Parte 1]$9(OLS)http://semarc/title/248015